Men's Elite 8 Teams of the 2010s Quiz Stats

 Plays Quiz Updated Mar 31, 2019

Support Sporcle.
Go Orange.
Score 0/80 Timer 12:00
0 Plays Today
Year Team % Correct
2018Duke
98.6%
2015Duke
98.6%
2013Duke
98.6%
2010Duke
98.6%
2019Duke
98.6%
2018Michigan
96%
2014Michigan
96%
2013Michigan
96%
2017North Carolina
95.7%
2016North Carolina
95.7%
2012North Carolina
95.7%
2011North Carolina
95.4%
2017Kentucky
95%
2015Kentucky
95%
2014Kentucky
95%
2012Kentucky
95%
2011Kentucky
95%
2010Kentucky
95%
2019Kentucky
95%
2015Michigan St.
94.9%
2014Michigan St.
94.9%
2010Michigan St.
94.9%
2019Michigan St.
94.8%
2016Virginia
92.7%
2019Virginia
92.6%
2018Texas Tech
91.5%
2019Texas Tech
91.4%
2018Kansas
91%
2017Kansas
91%
2016Kansas
91%
2012Kansas
91%
2011Kansas
91%
2017Florida
90.9%
2014Florida
90.9%
2013Florida
90.9%
2012Florida
90.9%
2011Florida
90.9%
2017Gonzaga
90.5%
2015Gonzaga
90.5%
2019Gonzaga
90.5%
Year Team % Correct
2019Auburn
87.3%
2017Oregon
86.7%
2016Oregon
86.7%
2018Villanova
86.2%
2016Villanova
86.2%
2018Florida State
84.2%
2019Purdue
83.1%
2013Ohio St.
82.8%
2012Ohio St.
82.8%
2017South Carolina
82.4%
2016Oklahoma
81.7%
2016Syracuse
81%
2013Syracuse
80.9%
2012Syracuse
80.9%
2015Wisconsin
80.7%
2014Wisconsin
80.7%
2015Arizona
79.2%
2014Arizona
79.2%
2011Arizona
79.2%
2018Kansas St.
78.7%
2010Kansas St.
78.7%
2014Connecticut
78.5%
2011Connecticut
78.5%
2010Tennessee
75.2%
2015Louisville
73.3%
2013Louisville
73.3%
2012Louisville
73.3%
2011Butler
72.2%
2010Butler
72.2%
2018Loyola-Chicago
68%
2012Baylor
63.9%
2010Baylor
63.9%
2016Notre Dame
61.4%
2015Notre Dame
61.4%
2013Wichita St.
61.3%
2010West Virginia
59.2%
2011VCU
57.8%
2017Xavier
56.9%
2013Marquette
51.3%
2014Dayton
37.9%

You're not logged in!

Compare scores with friends on all Sporcle quizzes.
OR
Log In

From the Vault

Anything but the NHL

by JohnFran

For when you're just not in the mood for hockey.
Remove Ads.
Support Sporcle.
Get the best of Sporcle when you Go Orange. This ad-free experience offers more features, more stats, and more fun while also helping to support Sporcle. Thank you for becoming a member.

Show Comments

Extras

Top Quizzes Today


Score Distribution

Your Account Isn't Verified!

In order to create a playlist on Sporcle, you need to verify the email address you used during registration. Go to your Sporcle Settings to finish the process.

Report this User

Report this user for behavior that violates our Community Guidelines.

Details: